000 00477cam a2200145 4500500
005 20251012032516.0
041 _afre
042 _adc
100 1 0 _aVieuille, Marie-Françoise
_eauthor
245 0 0 _aInvention du féminin, Éditions Campagne Première, 2002, 239 p.
260 _c2003.
500 _a97
786 0 _nSigila | 11 | 1 | 2003-06-20 | p. 218-220 | 1286-1715
856 4 1 _uhttps://shs.cairn.info/revue-sigila-2003-1-page-218?lang=fr&redirect-ssocas=7080
999 _c1547528
_d1547528